00775nam a2200253 a 4500001001300000003000900013005001700022008004100039020001000080082002200090100002600112245006000138260004100198300000900239500003500248505001000283650002800293650002100321700002600342902000800368942000700376952012300383999001500506nice12345678IN_TiNIC20260116013042.0070409s1998 dela grp 000 0 eng  ac42500a306.0899145bBRA1 aBrara, N Vijaylakshmi aPolitics, Society and Cosmology in Injdian`s North East aDelhibOxford University Pressc1998 a268p aincludes index and biblioraphy2 aindex aTribes-India-North East aNorth East India1 aBrara, N Vijaylakshmi bSRS cBK 001040708StackRoom-aHMIbHMId2007-04-09g425.00l0o306.0899145 BRA1p019434r2007-04-09v425.00w2007-04-09yBK c9444d9444